Vstala z popola, aby sa zaligotala Majstri ČSSR v stolnom tenise na dvojhre Marie Hrachová a Jiří Javůrek

Bibliographic Details
Main Author: Hanák, Peter (Author)
Format: Article
Language:Slovak
Subjects:

MARC

LEADER 00000nab a2200000 a 4500
001 vtls000303952
003 SK-MaSNL
005 20260302214601.0
008 160201c1987 xo 0 slo
015 |a SNBRB19rr/mm-uuuuu 
035 |a CL0314071 
040 |a SNKBUCL  |b slo  |c SNKBUCL  |e AACR2 
041 0 |a slo 
044 |a xo  |c SK 
080 |a 796.386.093.1(437)  |2 1981 
100 1 |a Hanák, Peter  |4 aut  |9 339394 
245 1 0 |a Vstala z popola, aby sa zaligotala  |b Majstri ČSSR v stolnom tenise na dvojhre Marie Hrachová a Jiří Javůrek  |c Peter Hanák 
650 0 7 |a stolný tenis  |2 snkbucl  |9 25562 
651 7 |a 3807  |2 snkbucl  |9 921028 
655 7 |a články z novín a časopisov  |2 snkbucl  |9 267496 
773 0 |t Šport  |g Roč. 41, č. 293 (14. 12. 1987), s. 5 
850 |a Slovenská národná knižnica v Martine  |a MTA001 
852 |a SNK  |b KIS3GCP 
958 |a RK 
958 |a CZ 
992 |a RBX 
999 |c 1498665  |d 1500595